| 000 | 01361nam0a22003731 4500 | ||
|---|---|---|---|
| 001 | v19\rc\1871294 | ||
| 005 | 20251118180238.0 | ||
| 035 | _a(NLR Aleph) 004962485 | ||
| 090 |
_a5998725 _c5998725 |
||
| 100 | _a20080221d1910 u y0rusy50 ca | ||
| 101 | 0 | _arus | |
| 102 | _aRU | ||
| 105 | _ay bd ||||| | ||
| 200 | 1 |
_aРеформа местного управления при Екатерине II _e(Учреждение о губерниях 7 нояб. 1775 г.) _fВладимир Григорьев |
|
| 210 |
_aСанкт-Петербург _cРус. скоропеч. _d1910 |
||
| 215 |
_aVIII, 387 с. _d22 |
||
| 532 | 1 | 1 | _aРеформа местного управления при Екатерине Второй |
| 700 | 1 |
_7ca _8rus _aГригорьев _bВ. А. _cюрист, правоведение _f1877-1942 _gВладимир Александрович _9236203 _3RU\NLR\AUTH\770236259 |
|
| 801 | 0 |
_aRU _bNLR _gpsbo |
|
| 801 | 0 |
_aRU _bRuMoRGB _2psbo |
|
| 801 | 1 |
_aRU _bProSoft-M _2rusmarc |
|
| 852 |
_aNLR _j38.79.4.82 |
||
| 852 |
_aNLR _j130/7798 |
||
| 852 |
_aNLR _bМф _jК1/6976 |
||
| 899 |
_aRuMoRGB _jW 446/138 |
||
| 899 |
_aRuMoRGB _jD 36/15 |
||
| 899 |
_aRuMoRGB _jU 301/202 |
||
| 899 |
_aRuMoRGB _jОР |
||
| 899 | _aБАН | ||
| 899 | _aНБ СПбГУ | ||
| 899 | _aГПИБ | ||
| 899 | _aНБ МГУ | ||
| 942 | _cBOOK | ||
| 980 | _aNB | ||